| 000 | 00856nam2a22002411 4500 | ||
|---|---|---|---|
| 001 | v19\rc\1629904 | ||
| 005 | 20250618232932.0 | ||
| 035 | _a(NLR Aleph) 004745405 | ||
| 090 |
_a4512345 _c4512345 |
||
| 100 | _a20061002d1899 |||y0rusy50 ca | ||
| 101 | 0 | _arus | |
| 102 | _aRU | ||
| 105 | _aa z ||||| | ||
| 200 | 0 | _a... 1900 г. | |
| 210 |
_d1899 _aБ. м. |
||
| 215 |
_a24 с. _cил. |
||
| 461 | 0 |
_1001v19\rc\1629903 _12001#$aКаталог изданий П. Плахова. Киев$eКниги и картины...$v... 1900 г. _94512343 _aПлахов, (Киев) _cКиев _d1899-1905 _oКниги и картины... _tКаталог изданий П. Плахова. Киев _v... 1900 г. |
|
| 801 | 0 |
_aRU _bNLR _gpsbo |
|
| 801 | 0 |
_aRU _bRuMoRGB _2psbo |
|
| 801 | 1 |
_aRU _bProSoft-M _2rusmarc |
|
| 852 |
_aNLR _j20.60.6.26(1) |
||
| 942 | _cBOOK | ||
| 980 | _aNB | ||